1454 1872 1638 1046 1689 1693 1994 1873 1079 1335 1176 1907 1104 1610 1934 1482 1956 1208 1734 1109 1497 1108 1963 1948 1226 1072 1172 1107 1528 1776 1441 1850 1612 1990 1311 1767 1901 1299 1857 1906 1530 1486 1958 1979 1309 1948 1012 1146 1854 1969 1235 1974 1612 1000 1521 1551 1884 1754 1630 1326 1487 1690 1070 1123 1973 1089 1828 1344 1336 1908 1250 1908 1497 1976 1394 1065 1576 1380 1592 1571 1595 1773 1725 1863 1462 1918 1230 1847 1487 1854 1124 1761 1675 1347 1644 1831 1579 1662 1720 BCNSPRNW ULIB Ver.6.0+V

เปลี่ยนเป็นภาษาไทย

Change to English
 แสดงรายละเอียดบรรณานุกรม
  กลับหน้าหลัก

Brief Record : Get Marc (ISO 2709) : E-mail record : QR code < ปิดหน้าต่าง
LEADER : 00000nam 2200000uu 4500
001    13399113812
003     ULIB
008    120109s2550||||th 000 0 tha d
020    ^a9746453378 (ล.1)
060 04 ^aWA308^bส719อ ล.1 2550
245 00 ^aเอกสารการสอนชุดวิชาอนามัยครอบครัวในงานสาธารณสุข หน่วยที่1-5=^bFamilyhealth in public health work /^cสาขาวิชาวิทยาศาสตร์สุขภาพ มหาวิทยาลัยสุโขทัยธรรมาธิราช
246 30 ^aอนามัยครอบครัวในงานสาธารณสุข
246 31 ^aFamily health in public health work
250    ^aพิมพ์ครั้งที่ 2
260    ^aนนทบุรี :^bสำนักพิมพ์มหาวิทยาลัยสุโขทัยธรรมาธิราช,^c2550
300    ^a3 เล่ม :^bภาพประกอบ ;^c30 ซม.
500    ^aสิ่งพิมพ์ของมหาวิทยาลัยสุโขทัยธรรมาธิราชสาขาวิชาวิทยาศาสตร์สุขภาพ
650  7 ^aอนามัยครอบครัว
650  7 ^aสาธารณสุข
710 2  ^aมหาวิทยาลัยสุโขทัยธรรมาธิราช. ^bสาขาวิชาวิทยาศาสตร์สุขภาพ
945    ^p0^l0^i14588
945    ^p0^l0^i14590
945    ^p0^l0^i14589
995    ^aกัณชพร
999 ^a ใช้งานได้ทุกระบบ
รายการนี้ยังไม่มีแท็ก
คุณยังไม่ได้ล็อกอิน คุณสามารถมีกิจกรรมร่วมกับเว็บไซต์ได้ แต่ต้องล็อกอินก่อน ::
  ล็อกอิน

รายการสื่อสารสนเทศ

ลำดับที่ ประเภท เลขเรียก/บาร์โค้ด สถานที่ สถานะ
- ไม่พบข้อมูล -

รายการใกล้เคียง
    หัวเรื่อง [อนามัยครอบครัว]
    หัวเรื่อง [สาธารณสุข]

BibComment


ยังไม่เคยถูกคอมเมนท์

คอมเมนท์ทรัพยากรรายการนี้
  คอมเมนท์: เอกสารการสอนชุดว..


 Copyright 2026. Bcnsprnw @Library